000 00351nam a2200121Ia 4500
008 220620s9999||||xx |||||||||||||| ||und||
245 0 _aGastrointestinal Stomas
546 _aEnglish[eng]
650 _aGeneral surgery
700 _aNeri, Vincenzo
856 _uhttps://mts.intechopen.com/storage/books/8443/authors_book/authors_book.pdf
942 _cEB
999 _c22022
_d22022